Statistiche per Laghi italiani per profondità

Clicka qui per fare il quiz!

Statistiche generali

  • Questo quiz è stato fatto 86 volte
  • Il punteggio medio è 6 su 11

Statistiche sulle risposte

ProfonditàLago% Corretto
365Lago di Garda
97%
410Lago di Como
96%
370Lago Maggiore
94%
251Lago d’Iseo
79%
151Lago di Bolsena
60%
143Lago d’Orta
50%
160Lago di Bracciano
49%
288Lago di Lugano
45%
122Lago d’Idro
31%
170Lago Albano
18%
123Lago di Molveno
6%

Distribuzione punteggi

Percentile per numero di risposta

Percentuale di utenti per punteggio

I tuoi punteggi nel tempo

Non hai fatto questo quiz